Undivided: (Record no. 49549)
| 000 -LEADER | |
|---|---|
| fixed length control field | 00400nam a2200109 4500 |
| 020 ## - INTERNATIONAL STANDARD BOOK NUMBER | |
| International Standard Book Number | 9781583315538 |
| 245 ## - TITLE STATEMENT | |
| Title | Undivided: |
| Remainder of title | developing a worldview approach to biblical integration / |
| Statement of responsibility, etc | Martha E. MacCullough. |
| 260 ## - PUBLICATION, DISTRIBUTION, ETC. (IMPRINT) | |
| Place of publication, distribution, etc | Colorado: |
| Name of publisher, distributor, etc | Purposeful Design Publication; |
| Date of publication, distribution, etc | 2016. |
| 300 ## - PHYSICAL DESCRIPTION | |
| Extent | 191 p. |
| Dimensions | 24 cm. |
| 650 ## - SUBJECT ADDED ENTRY--TOPICAL TERM | |
| Topical term or geographic name as entry element | Christian organization. Social work. Religious education. |
| 9 (RLIN) | 86685 |
| 942 ## - ADDED ENTRY ELEMENTS (KOHA) | |
| Source of classification or shelving scheme | |
| Koha item type | Teacher's Resources |
| Withdrawn status | Lost status | Source of classification or shelving scheme | Damaged status | Not for loan | Collection code | Home library | Current library | Shelving location | Date acquired | Full call number | Barcode | Date last seen | Price effective from | Koha item type |
|---|---|---|---|---|---|---|---|---|---|---|---|---|---|---|
| TEACHERS' RESOURCES | Asian Hope Secondary Library | Asian Hope Secondary Library | SECONDARY | 09/10/2025 | 268 MAC | 208727 | 01/16/2026 | 09/10/2025 | Teacher's Resources |